Mississippi River Basin States Quiz Stats

 Plays Quiz Updated Jan 12, 2018

Score 0/31 Timer 05:00
3 Plays Today
% Correct
Mississippi
97.6%
Texas
97.2%
Louisiana
96.3%
Tennessee
95.9%
Illinois
95.7%
Kentucky
95.5%
Arkansas
95.5%
Missouri
95.5%
Alabama
95.4%
South Dakota
95.2%
Kansas
95.1%
Ohio
94.9%
North Dakota
94.8%
Oklahoma
94.5%
Iowa
94.2%
Indiana
94%
% Correct
Wisconsin
93.8%
Nebraska
93.5%
Minnesota
93.2%
Colorado
93%
West Virginia
92.2%
Virginia
91.7%
Wyoming
91.5%
Montana
91.4%
Michigan
91.4%
Pennsylvania
90.6%
New Mexico
89.9%
Georgia
88.4%
New York
85.1%
North Carolina
77.8%
Maryland
55.8%

You're not logged in!

Compare scores with friends on all Sporcle quizzes.
OR
Log In

Sporcle TV

Today on Sporcle TV


Watch our educational content, quiz creation guides, and fun videos on Sporcle TV.

Show Comments

Extras

Top Quizzes Today


Score Distribution

Your Account Isn't Verified!

In order to create a playlist on Sporcle, you need to verify the email address you used during registration. Go to your Sporcle Settings to finish the process.

Report this User

Report this user for behavior that violates our Community Guidelines.

Details: